| 000 | 01006pam a2200301 a 4500 | ||
|---|---|---|---|
| 999 |
_c129728 _d129728 |
||
| 001 | 2333354 | ||
| 003 | ARRUPE | ||
| 005 | 20190820105454.0 | ||
| 008 | 821007s1982 cau b s001 0 eng | ||
| 010 | _a 82020231 | ||
| 020 | _a0520049330 | ||
| 020 | _a0520049640 (pbk.) | ||
| 040 |
_aDLC _cDLC _dDLC |
||
| 050 | 0 | 0 |
_aHM24 _b.G4483 1982 |
| 082 | 0 | 0 |
_a301/.01 _219 |
| 100 | 1 |
_aGiddens, Anthony. _92562 |
|
| 245 | 1 | 0 |
_aProfiles and critiques in social theory / _cAnthony Giddens ; chapter 2 contributed by Fred Dallmayr. |
| 260 |
_aLondon : _bThe McMillan Press, _cc1982. |
||
| 300 |
_axi, 239 p. ; _c23 cm. |
||
| 440 |
_aContemporary social theory _947864 |
||
| 504 | _aIncludes bibliographical references and index. | ||
| 650 | 0 |
_aSociology _xPhilosophy. _913582 |
|
| 650 | 0 |
_aHermeneutics. _947865 |
|
| 650 | 0 |
_aPositivism. _92396 |
|
| 650 | 0 |
_aSocial structure. _92429 |
|
| 650 | 0 |
_aPolitical sociology. _941871 |
|
| 700 | 1 |
_aDallmayr, Fred R. _q(Fred Reinhard), _d1928- _947866 |
|
| 906 |
_a7 _bcbc _corignew _d1 _eocip _f19 _gy-gencatlg |
||
| 942 |
_2lcc _cMONOGRAPH |
||